Spoločenská odpovědnost - nic nového v ČR
Spoločenská zodpovednosť a súčasná legislatíva tejto problematiky v Českej republike. Ciele a podstata uspokojovania potrieb všetkých zainteresovaných strán. Potreba osobnej zodpovednosti, ktorá je významnou súčasťou spoločenskej zodpovednosti. Globalizácia a spoločenská zodpovednosť.
Guardado en:
| Autor principal: | |
|---|---|
| Otros Autores: | |
| Formato: | Capítulo de libro |
| Lenguaje: | checo |
| Materias: | |
| Etiquetas: |
Sin Etiquetas, Sea el primero en etiquetar este registro!
|
MARC
| LEADER | 00000naa a2200000 4500 | ||
|---|---|---|---|
| 001 | 0215493 | ||
| 005 | 20231012073008.1 | ||
| 041 | 0 | |a cze | |
| 044 | |a SK | ||
| 245 | 1 | 0 | |a Spoločenská odpovědnost - nic nového v ČR |c Růžena Petříková, Šárka Janků |
| 520 | |a Spoločenská zodpovednosť a súčasná legislatíva tejto problematiky v Českej republike. Ciele a podstata uspokojovania potrieb všetkých zainteresovaných strán. Potreba osobnej zodpovednosti, ktorá je významnou súčasťou spoločenskej zodpovednosti. Globalizácia a spoločenská zodpovednosť. | ||
| 610 | 2 | 0 | |a zodpovednosť spoločenská |
| 610 | 2 | 0 | |a zodpovednosť vzájomná |
| 610 | 2 | 0 | |a podnikanie zodpovedné |
| 610 | 2 | 0 | |a komunikácia firemná |
| 610 | 2 | 0 | |a zodpovednosť podniku spoločenská |
| 610 | 2 | 0 | |a Česko |
| 610 | 2 | 0 | |a legislatíva |
| 610 | 2 | 0 | |a globalizácia |
| 100 | 1 | |a Petříková, Růžena | |
| 700 | 1 | |a Janků, Šárka | |